000 02597cam a22003491i 4500
003 SA-RiAUC
005 20241201083559.0
008 241130s1984 su g b 00000 ara c
040 _aSA-RiAUC
_bara
_cSA-RiAUC
_erda
050 4 _b.W34 1984
082 0 4 _a223.6
_qSA-RiAUC
090 _a223.6
_bو ا ح
100 1 _aالواحدي، علي بن أحمد بن محمد،
_dتوفي 468 هجري
_eمؤلف.
245 1 0 _aأسباب نزول القرآن /
_cلأبي الحسن علي بن أحمد الواحدي ؛ تحقيق السيد أحمد صقر.
250 _aالطبعة الثانية.
264 1 _aجدة، السعودية ؛
_aعمان، الأردن :
_bدار القبلة للثقافة الإسلامية،
_c1984
300 _a542 صفحة ؛
_c24 سم
336 _aنص
_btxt
_2rdacontent
_3كتاب
337 _aبدون وسيط
_bn
_2rdamedia
338 _aمجلد
_bnc
_2rdacarrier
504 _aيشتمل على إرجاعات ببليوجرافية.
630 2 7 _aالقرآن
_xأسباب النزول
_2aucut
630 2 7 _aالقرآن
_xسور وآيات
_2aucut
630 2 7 _aالقرآن
_xأسباب النزول
_2aucut
630 2 7 _aالقرآن
_xسور وآيات
_2aucut
700 1 _aصقر، السيد أحمد،
_d1915-1989
_eمحقق.
730 2 2 _aالقرآن
856 _uhttp://www.alwaraq.net/Core/waraq/coverpage?bookid=2&option=1
_yExternal Link
_2 نرجو الانتباه لإمكانية وجود اختلاف في الطبعة أو الناشر بين البيانات على البوابة وما ستجده على الكتاب نظرا لمحدودية المعلومات المتاحة على الموقع الناشر للمادة.
_3Please note that there may be a difference in the edition or publisher between the data on the portal and the book due to the limited information available on the publisher website for the material.
856 _uhttp://www.alwaraq.net/Core/AlwaraqSrv/bookpage?book=2&option=1&fkey=2&page=1
_yDigital Copy
_2 نرجو الانتباه لإمكانية وجود اختلاف في الطبعة أو الناشر بين البيانات على البوابة وما ستجده على الكتاب نظرا لمحدودية المعلومات المتاحة على الموقع الناشر للمادة.
_3Please note that there may be a difference in the edition or publisher between the data on the portal and the book due to the limited information available on the publisher website for the material.
942 _2ddc
_cBOOK
_n0
949 _aSA-JeALM
_d241130
_umohamedma123
_n1
999 _c2880
_d2880